| 000 | 00702cab a2200229 4500 | ||
|---|---|---|---|
| 001 | WB3432-27 | ||
| 008 | 090401t1998 xxu||||| |||| 00| 0 eng d | ||
| 035 | _a(Sirsi) u88031 | ||
| 041 | _aeng | ||
| 245 | _aSuccess fee | ||
| 260 | _c1998 | ||
| 350 | _a0 | ||
| 490 |
_aBuilding _v263(8052) 14 August 1998, 11(1) |
||
| 520 | _aThree firms have teamed up to offer subcontractors an insurance policy to help them take main contractors to court. The CAP-it-AL service will be provided on a `success fee` basis. | ||
| 650 | _aINSURANCE POLICIES | ||
| 650 | _aLEGAL COSTS | ||
| 650 | _aSUBCONTRACTORS | ||
| 650 | _aSUCCESS FEE | ||
| 690 |
_aInsurance _96249 |
||
| 942 | _n0 | ||
| 948 | _c18/08/1998 | ||
| 999 |
_c55585 _d55585 |
||